000 02002nam0a22003131 4500
001 v19\rc\1519806
005 20260406180540.0
035 _a(NLR Aleph) 004642612
090 _a3314896
_c3314896
100 _a20060620d1885 |||y0rusy50 ca
101 0 _arus
102 _aRU
105 _ay z |||c|
200 1 _aКраткий очерк двадцатилетнего существования (1861-1881) Николаевского в Больших Солях, Костромской губернии двухклассного приходского училища и письма его основателя и почетного блюстителя К.А. Попова к заведывающему училищем
_fСост. и изд. Д.И. Соколов
210 _aКострома
_d1885
215 _a178 с.
_d25
532 1 1 _aКраткий очерк двадцатилетнего существования тысяча восемьсот шестьдесят первый - 1881) Николаевского в Больших Солях, Костромской губернии двухклассного приходского училища и письма его основателя и почетного блюстителя К.А. Попова к заведывающему училищем
700 1 _aСоколов
_bД.И.
_gДмитрий Иванович
_4220
_4650
702 1 _4570
_aПопов
_bК. А.
_cкупец, промышленник, обществ. деятель
_f1814-1879
_gКонстантин Абрамович
_9226486
_3RU\NLR\AUTH\770226542
712 0 2 _aБольшесольское Николаевское двухклассное приходское уч-ще
_3RU\NLR\AUTH\889945130
_9385569
801 0 _aRU
_bNLR
_gpsbo
801 0 _aRU
_bRuMoRGB
_2psbo
801 1 _aRU
_bProSoft-M
_2rusmarc
852 _aNLR
_j18.218.2.27
899 _aRuMoRGB
_jA 161/265
899 _aНБ МГУ
942 _cBOOK
980 _aNB